000 00872nam a2200253 4500
001 11052
003 HDC
007 cr bn ---aaaaa
008 210206c dr|noo 0 a eng d
040 _aHDC
100 _aHavis, Michael
_eauthor
_911271
245 0 _aIt's not even food!' Taliban terror group rages as McDonald's opens near its headquarters /
_cby Michael Havis
260 _a[No place] :
_b Daily Star,
_c[no year]
336 _atext
_2rdacontent
337 _acomputer
_2rdamedia
338 _aonline resource
_2rdacarrier
650 _aFast food
_92040
650 _aTerror group
_911272
710 _a Daily Star
856 _zRequest full-text at [email protected]
942 _2lcc
942 _cNEWS
942 _kNWSO 002224
999 _c8375
_d8375